00465nam a2200181Ia 450000500170000000800410001702000230005804000190008104100120010008200160011210000260012824500440015426000290019830000120022750400190023965000140025885000110027220240425152542.0131103s9999 xx 000 0 und d a8170246830cRs.200 aLoreto College aEnglish a371.3 bKHA aKhan, Mohammad Sharif aSchool CurriculumcMohammad Sharif Khan aNew DelhibAshish c1995 a102 p.  aIncludes index aEducation aLCBED